<?xml version="1.0" encoding="UTF-8"?>
<record
    xmlns:xsi="http://www.w3.org/2001/XMLSchema-instance"
    xsi:schemaLocation="http://www.loc.gov/MARC21/slim http://www.loc.gov/standards/marcxml/schema/MARC21slim.xsd"
    xmlns="http://www.loc.gov/MARC21/slim">

  <leader>00758nam a22001937a 4500</leader>
  <controlfield tag="005">20220803145612.0</controlfield>
  <controlfield tag="008">220803b           ||||| |||| 00| 0 eng d</controlfield>
  <datafield tag="040" ind1=" " ind2=" ">
    <subfield code="c">Aloy</subfield>
  </datafield>
  <datafield tag="041" ind1=" " ind2=" ">
    <subfield code="a">hin</subfield>
  </datafield>
  <datafield tag="082" ind1=" " ind2=" ">
    <subfield code="2">23</subfield>
    <subfield code="a">H891.4</subfield>
    <subfield code="b">NALT</subfield>
  </datafield>
  <datafield tag="100" ind1=" " ind2=" ">
    <subfield code="a">Jayanth Vishnu Nalinkar: &#x91C;&#x92F;&#x902;&#x924; &#x935;&#x93F;&#x937;&#x94D;&#x923;&#x941; &#x928;&#x93E;&#x932;&#x93F;&#x902;&#x915;&#x93E;&#x930; </subfield>
    <subfield code="9">54656</subfield>
  </datafield>
  <datafield tag="245" ind1=" " ind2=" ">
    <subfield code="a">Taron ki jeevan gatha: &#x924;&#x93E;&#x930;&#x94B;&#x902; &#x915;&#x940; &#x91C;&#x940;&#x935;&#x928; &#x917;&#x93E;&#x925;&#x93E; </subfield>
  </datafield>
  <datafield tag="260" ind1=" " ind2=" ">
    <subfield code="a">Nayi Dilli</subfield>
    <subfield code="b">National Council of Educational Research Parishad</subfield>
    <subfield code="c">1998</subfield>
  </datafield>
  <datafield tag="300" ind1=" " ind2=" ">
    <subfield code="a">110p.</subfield>
    <subfield code="b">PB</subfield>
    <subfield code="c">19x15cm.</subfield>
  </datafield>
  <datafield tag="365" ind1=" " ind2=" ">
    <subfield code="2">Hindi</subfield>
  </datafield>
  <datafield tag="650" ind1=" " ind2=" ">
    <subfield code="a">Hindi Miscellaneous: &#x939;&#x93F;&#x902;&#x926;&#x940; &#x935;&#x93F;&#x935;&#x93F;&#x926; </subfield>
    <subfield code="9">54654</subfield>
  </datafield>
  <datafield tag="700" ind1=" " ind2=" ">
    <subfield code="a">Jayanth Vishnu Nalinkar: &#x928;&#x93E;&#x932;&#x93F;&#x902;&#x915;&#x93E;&#x930; (&#x91C;&#x92F;&#x902;&#x924; &#x935;&#x93F;&#x937;&#x94D;&#x923;&#x941;)</subfield>
    <subfield code="9">54655</subfield>
  </datafield>
  <datafield tag="942" ind1=" " ind2=" ">
    <subfield code="2">ddc</subfield>
    <subfield code="c">GF</subfield>
  </datafield>
  <datafield tag="999" ind1=" " ind2=" ">
    <subfield code="c">224420</subfield>
    <subfield code="d">224420</subfield>
  </datafield>
  <datafield tag="952" ind1=" " ind2=" ">
    <subfield code="0">0</subfield>
    <subfield code="1">0</subfield>
    <subfield code="2">ddc</subfield>
    <subfield code="4">0</subfield>
    <subfield code="7">0</subfield>
    <subfield code="8">HIN</subfield>
    <subfield code="a">AL</subfield>
    <subfield code="b">AL</subfield>
    <subfield code="d">2013-03-24</subfield>
    <subfield code="l">0</subfield>
    <subfield code="o">H891.4 NALT</subfield>
    <subfield code="p">GF02480</subfield>
    <subfield code="r">2022-08-03 00:00:00</subfield>
    <subfield code="w">2022-08-03</subfield>
    <subfield code="y">GF</subfield>
  </datafield>
</record>
